000 00580nam a2200241Ia 4500
005 20260306150757.0
008 008 260114s9999 xx 000 0 eng d
020 _a9781442662827
037 _aEbook
040 _aCRL
040 _beng
040 _cCRL
041 _2eng
041 _aeng
084 _qCRL
245 2 _aA Guide for the Statistically Perplexed
260 _bUniversity of Toronto Press
260 _c2012
650 _aSocial Sciences
856 _uhttps://www.degruyter.com/isbn/9781442662827
942 _cEBOOK
999 _c1699539
_d1699539